Punch-Out Character Countries - Statistics

General Stats
  • This quiz has been taken 117 times
    112 since last reset
  • The average score is 14 of 16
Answers on the Map
Answers color-coded by a green-red scale on the quiz's map according to % correct below.
 
Answer Stats
Answer % Correct
Canada
100%
France
99%
Russia
99%
USA
99%
Japan
97%
Germany
95%
India
95%
China
92%
Spain
92%
United Kingdom
92%
Ireland
90%
Turkey
88%
Italy
85%
Mexico
85%
Jamaica
73%
Cuba
67%
No matching quizzes found
Score Distribution
Percent of People with Each Score
Percentile by Number Answered
Your Score History
You have not taken this quiz since the last reset